Southville International School and Colleges
Your cart is empty.
  • Cart
  • Lists
    Public lists Eva Luna New books Lux_list list_1
    Your lists Log in to create your own lists
  • Log in to your account
  • Your cookies
  • Search history
Southville International School and Colleges
  • Advanced search
  • Recent comments
  • Most popular
  • Libraries

Log in to your account

Log in with GOOGLE


If you do not have an external account, but do have a local account, you can still log in:

  1. Home
  2. MARC view: The effect of garlic (Allium sativum) extract or lemon extract (Citrus limon) on the growth of Trichophyton rubrum /
Normal view MARC view ISBD view

The effect of garlic (Allium sativum) extract or lemon extract (Citrus limon) on the growth of Trichophyton rubrum / (Record no. 98697)

[ view plain ]
MARC details
000 -LEADER
fixed length control field 00800nam a2200217 a 4500
003 - CONTROL NUMBER IDENTIFIER
control field 0
005 - DATE AND TIME OF LATEST TRANSACTION
control field 20250225090344.0
008 - FIXED-LENGTH DATA ELEMENTS--GENERAL INFORMATION
fixed length control field 111115s19uu xx 00 eng d
050 ## - LIBRARY OF CONGRESS CALL NUMBER
Classification number PGS QR 761.5
Item number .Uy97 2011
100 ## - MAIN ENTRY--PERSONAL NAME
Personal name Uy, Hannah Trisha Gail Q.
245 ## - TITLE STATEMENT
Title The effect of garlic (Allium sativum) extract or lemon extract (Citrus limon) on the growth of Trichophyton rubrum /
Statement of responsibility, etc Hannah Trisha Gail Q. Uy.
260 ## - PUBLICATION, DISTRIBUTION, ETC. (IMPRINT)
Place of publication, distribution, etc Las Piñas City, Philippines :
Name of publisher, distributor, etc Southville International School and Colleges,
Date of publication, distribution, etc 2011.
300 ## - PHYSICAL DESCRIPTION
Extent 21 pages :
Other physical details illustrations ;
Dimensions 28 cm.
504 ## - BIBLIOGRAPHY, ETC. NOTE
Bibliography, etc Includes bibliographical references.
650 ## - SUBJECT ADDED ENTRY--TOPICAL TERM
Topical term or geographic name as entry element Allium sativum.
650 ## - SUBJECT ADDED ENTRY--TOPICAL TERM
Topical term or geographic name as entry element Citrus limon.
650 ## - SUBJECT ADDED ENTRY--TOPICAL TERM
Topical term or geographic name as entry element Trichophyton rubrum.
650 ## - SUBJECT ADDED ENTRY--TOPICAL TERM
Topical term or geographic name as entry element Antifungal agents.
650 ## - SUBJECT ADDED ENTRY--TOPICAL TERM
Topical term or geographic name as entry element Fungi
Form subdivision Growth.
942 ## - ADDED ENTRY ELEMENTS (KOHA)
Source of classification or shelving scheme Library of Congress Classification
Koha item type PASS
Holdings
Withdrawn status Lost status Source of classification or shelving scheme Damaged status Home library Current library Shelving location Date acquired Source of acquisition Total Checkouts Full call number Barcode Date last seen Price effective from Koha item type
    Library of Congress Classification   Luxembourg Library Luxembourg Library Portfolio Assessment of SISC Students Section 11/15/2011 Donation   PGS QR 761.5 .Uy97 2011 P2798 04/08/2014 04/08/2014 PASS

The effect of garlic (Allium sativum) extract or lemon extract (Citrus limon) on the growth of Trichophyton rubrum /

APA

Uy H. T. G. Q., . (2011). The effect of garlic (Allium sativum) extract or lemon extract (Citrus limon) on the growth of Trichophyton rubrum. Las Piñas City, Philippines: Southville International School and Colleges.

Chicago

Uy Hannah Trisha Gail Q, . 2011. The effect of garlic (Allium sativum) extract or lemon extract (Citrus limon) on the growth of Trichophyton rubrum. Las Piñas City, Philippines: Southville International School and Colleges.

Harvard

Uy H. T. G. Q., . (2011). The effect of garlic (Allium sativum) extract or lemon extract (Citrus limon) on the growth of Trichophyton rubrum. Las Piñas City, Philippines: Southville International School and Colleges.

MLA

Uy Hannah Trisha Gail Q, . The effect of garlic (Allium sativum) extract or lemon extract (Citrus limon) on the growth of Trichophyton rubrum. Las Piñas City, Philippines: Southville International School and Colleges. 2011.

  • Print
  • Cite
  • Add to your cart (remove)
  • Save record
    BIBTEX Dublin Core MARCXML MARC (non-Unicode/MARC-8) MARC (Unicode/UTF-8) MARC (Unicode/UTF-8, Standard) MODS (XML) RIS
  • More searches
    Search for this title in:
    Other Libraries (WorldCat) Other Databases (Google Scholar) Online Stores (Bookfinder.com) Open Library (openlibrary.org)

Exporting to Dublin Core...

SOUTHVILLE LIBRARY

Southville International School and Colleges Library

1281 Tropical Ave. Cor. Luxembourg St., BF Homes International, Las Pinas City

Tel. No. 8256374 / 252358 Loc. 117/146

Powered by Koha